000 nam a22 a 4500
999 _c59812
_d59812
003 BLK
005 20221109092251.0
008 180408b bul|||||r ||||||| ||bul||
010 _aKNG00063939000
040 _aBLK
041 _aBUL
_cBUL
080 _aОтпадъчни води. Пречистване и използване на отпадъчните води
_b628.3
_x(035)
_z628.3(035)
100 1 _aБогоев, Стефан Н.
_eпърви автор
_9289295
139 _aБогоев, Стефан Н. и др.
_bБ 55
245 1 0 _aПречистване на променливи отпадъчни води
_bРъководство
_cСтефан Н. Богоев, Илия И. Папазов, Ели В. Кабакчиева.
257 _aBGR
260 _aСофия
_bТехника
_c1978
300 _a580 с.
_c22 см
380 _a62
490 _aПоредица Опазване на околната среда
_9205111
500 _aАвт. не са отбелязани на кор. - Библиогр. с. 561-573.
650 4 _aОтпадъчни води, промишлени - пречистване
_9258013
653 _aотпадни води
653 _aпромишленост
653 _aпречистване на води
700 1 _aПапазов, Илия И.
_eсъавт.
_9289296
700 1 _aКабакчиева, Ели К.
_eсъавт.
_9289297
852 _aЦб 91683
856 4 _qpdf
_i0.00
_ldisable
856 4 _qpdf
_i0.00
_ldisable
942 _cKNG
_n0
_s1
944 _aCR
_c13.06.2004
_kЧиталня
944 _aED
_c2022-11-09
_kир
999 _d59812